| 000 | 00615nam a2200181Ia 4500 | ||
|---|---|---|---|
| 008 | 100921s9999 xx 000 0 und d | ||
| 082 |
_b27134 _a891.463 थ 94 |
||
| 100 | _aबापट मुकुंद. | ||
| 245 | _aकल्पना. | ||
| 260 |
_bप्रज्ञा प्रकाशन, हैद्राबाद. _c1994 |
||
| 300 |
_a305 _bरसिक साहित्य,पुणे |
||
| 365 | _b100 | ||
| 520 | _aललित-कादंबरी. | ||
| 630 | _aकल्पना. | ||
| 650 | _aललित-कादंबरी. | ||
| 730 | _aकल्पना. | ||
| 942 | _cBOOK | ||
| 999 |
_c776247 _d776244 |
||